mysqli: Table './ulib62015/stat_globaluid' is marked as crashed and should be repaired
select id from stat_globaluid where statuid='20260517112108_3046'
mysqli: Table './ulib62015/stat_globaluid' is marked as crashed and should be repaired
DELETE FROM stat_globaluid
WHERE id NOT IN (
SELECT id
FROM (
SELECT id
FROM stat_globaluid
ORDER BY id DESC
LIMIT 100
) foo
);
mysqli: Table './ulib62015/stat_globaluid' is marked as crashed and should be repaired
insert into stat_globaluid set
statuid='20260517112108_3046',
dt='1778991668',
phpself='/ULIB62015/dublinfull.php',
agent='Mozilla/5.0 AppleWebKit/537.36 (KHTML, like Gecko; compatible; ClaudeBot/1.0; +claudebot@anthropic.com)',
yea='2026',
mon='5',
dat='17',
ip='216.73.216.45'
mysqli: Table './ulib62015/stathist_viewbib_bib_type' is marked as crashed and should be repaired
insert into stathist_viewbib_bib_type set
dat='17' ,
mon='05' ,
yea='2026' ,
statuid='20260517112108_3046' ,
head='13399121711' ,
foot='marc' ,
dt='1778991668'
| LEADER : 00000nam 2200000uu 4500 |
| 001 13399121711 |
| 003 ULIB |
| 008 161018s2559||||th 000 0 tha d |
| 020 ^a9789740212225
|
| 099 ^aนว^bว829ส 2559
|
| 100 0 ^aวีรพร นิติประภา
|
| 245 10 ^aไส้เดือนตาบอดในเขาวงกต /^cวีรพร นิติประภา
|
| 250 ^aพิมพ์ครั้งที่ 7
|
| 260 ^aกรุงเทพฯ :^bมติชน,^c2559.
|
| 300 ^a255 หน้า ;^c19 ซม.
|
| 650 4 ^aนวนิยายไทย
|
| 945 ^p180^l0^i024391 |
| 999 ^a57099
|
| คุณยังไม่ได้ล็อกอิน คุณสามารถมีกิจกรรมร่วมกับเว็บไซต์ได้ แต่ต้องล็อกอินก่อน :: |
|
|
|
| ลำดับที่ |
ประเภท |
เลขเรียก/บาร์โค้ด |
สถานที่ |
สถานะ |
| 1. |
 นวนิยาย | นว ว829ส 2559 Barcode: 024391 | นวนิยาย | บนชั้น ขอยืม |
| Note:งบประมาณ2559 |
รายการใกล้เคียง
ผู้แต่ง [วีรพร นิติประภา]
หัวเรื่อง [นวนิยายไทย]
|
|
ยังไม่เคยถูกคอมเมนท์
|
| คอมเมนท์ทรัพยากรรายการนี้ |
|